Nascita e morte di personaggi storici - Statistics

Statistiche generali
  • Questo quiz è stato fatto 172 volte
  • Il punteggio medio è 6 su 15
Statistiche sulle risposte
Domanda Risposta % Corretto
Napoleone Bonaparte 1769-1821
83%
Umberto I 1844-1900
79%
Luigi XVI 1754-1793
58%
Girolamo Savonarola 1452-1498
50%
Leonardo Da Vinci 1452-1519
46%
Edoardo VII 1841-1910
42%
Cosimo de Medici Il Vecchio 1389-1464
38%
Niccolò Copernico 1473-1543
38%
Giuseppe Garibaldi 1807-1882
38%
Vittoria I 1819-1901
33%
Cristiano IX 1818-1906
29%
Nicola II 1868-1918
29%
Luigi IX 1214-1270
25%
Papa Paolo III 1468-1549
25%
Alessandro III 1845-1894
21%
Nessun quiz corrispondente trovato
Distribuzione punteggi
Percentuale di utenti per punteggio
Percentile per numero di risposta
I tuoi punteggi nel tempo
Non hai fatto questo quiz